00526nam a2200133Ia 4500008004100000020001500041040004400056100001900100245012300119260002300242300000800265500010400273999001500377180412s9999||||xx |||||||||||||| ||und|| a1843696355 aAhmadu Bello University Library - Zaria aSabrina Beeler 0aConflicts Between Farmers and Herders in North-Western Mali.cINTERNATIONAL INSTITUTE FOR ENVIRONMENT AND DEVELOPMENT. bIIED, Londonc2006 a36p aConflicts between farmers and herders in north-western Mali / Sabrina Beeler .- London: IIED; 2006. c5323d5323